000 01015nam a22002537a 4500
999 _c65291
_d65291
005 20240530110817.0
008 190626s2019 ua ak f b 000 0|ara d
017 _a20388
_bمصر. دار الكتب
020 _a9789776048676
040 _aEG-CaGPL
_cEG-CaGPL
082 0 4 _221
_a745.67/
_bم خ
100 0 _aمحمد فراج محمد محمد الغول
245 1 0 _aخط وتذهيب وزخرفة المصحف الشريف :
_bدراسة اثرية فنية /
_cتاليف محمد فراج محمد محمد الغول
250 _aط.1
260 _aالقاهرة :
_bدار القاهرة للنشر والتوزيع،
_c2019.
300 _a851 ص. :
_bايض ؛
_c24 سم +
_eملاحق.
504 _aيشتمل على ارجاعات ببليوجرافية
650 0 7 _2qrmak
_aالمصاحف
_xزخرفة
650 0 7 _2qrmak
_aالمصاحف
_xتذهيب
650 0 7 _2qrmak
_aالمصاحف
_xكتابة
651 _2qrmak
942 _2ddc
_cBK